[Event "POL-chT 2nd League"]
[Site "Lazy"]
[Date "2012.09.04"]
[Round "4"]
[White "Jelonek, Michal"]
[Black "Marchel, Agnieszka"]
[Result "1-0"]
[WhiteElo "2015"]
[BlackElo "1995"]
[PlyCount "83"]
[EventDate "2012.09.01"]
[EventType "team-swiss"]
[EventRounds "9"]
[EventCountry "POL"]
[SourceTitle "EXT 2019"]
[Source "ChessBase"]
[SourceDate "2018.10.10"]
[SourceVersion "1"]
[SourceVersionDate "2018.10.10"]
[SourceQuality "1"]
[WhiteTeam "Dors"]
[BlackTeam "Bydgoszcz SSz Pocztowiec"]
[WhiteTeamCountry "POL"]
[BlackTeamCountry "POL"]

1. Nf3 d5 2. d4 Bf5 3. Bg5 c5 4. dxc5 Qa5+ 5. Nc3 e6 6. a3 f6 7. b4 Qd8 8. Bh4 Nc6 9. e3 Nge7 10. Nd4 e5 11. Ndb5 Ng6 12. Nxd5 Rc8 13. c4 a5 14. Qh5 Qd7 15. Be2 axb4 16. axb4 Nxb4 17. Nxb4 Bxc5 18. Nd5 0-0 19. 0-0 Ne7 20. Rad1 Nxd5 21. Rxd5 Qe6 22. Qf3 g5 23. e4 Bg6 24. Bg3 h5 25. h4 g4 26. Qd3 Qc6 27. Nd6 Rc7 28. Nf5 Bxf5 29. exf5 Rh7 30. Kh2 Bd4 31. Qe4 Rd7 32. f3 gxf3 33. Qxf3 Rh7 34. Bf2 Bxf2 35. Qxf2 Kh8 36. Rfd1 Qc7 37. Qc5 Qb8 38. Qxf8+ Qxf8 39. Rd8 Kg8 40. Rxf8+ Kxf8 41. Rd6 Ke7 42. Rb6 1-0

[Event "POL-chT 2nd League"]
[Site "Lazy"]
[Date "2012.09.01"]
[Round "1"]
[White "Zdrojewski, Wojciech"]
[Black "Marchel, Agnieszka"]
[Result "1-0"]
[WhiteElo "2166"]
[BlackElo "1995"]
[PlyCount "77"]
[EventDate "2012.09.01"]
[EventType "team-swiss"]
[EventRounds "9"]
[EventCountry "POL"]
[SourceTitle "EXT 2019"]
[Source "ChessBase"]
[SourceDate "2018.10.10"]
[SourceVersion "1"]
[SourceVersionDate "2018.10.10"]
[SourceQuality "1"]
[WhiteTeam "Gdynia Korsarz"]
[BlackTeam "Bydgoszcz SSz Pocztowiec"]
[WhiteTeamCountry "POL"]
[BlackTeamCountry "POL"]

1. d4 d5 2. Nf3 f5 3. c4 e6 4. Nc3 Nf6 5. Bf4 Bd6 6. Bxd6 Qxd6 7. e3 c6 8. Ne5 Nbd7 9. f4 0-0 10. Be2 Ne4 11. 0-0 Nxe5 12. fxe5 Nxc3 13. bxc3 Qe7 14. a4 Bd7 15. a5 Rad8 16. Qd2 Kh8 17. Rab1 Bc8 18. Kh1 Qc7 19. Qa2 g5 20. Rf2 Qg7 21. Qd2 g4 22. Rf4 Qg5 23. Qc2 Rg8 24. cxd5 Rxd5 25. Qa2 Qd8 26. Ra1 b6 27. axb6 axb6 28. Qb3 b5 29. c4 bxc4 30. Bxc4 Ra5 31. Raf1 Rg6 32. e4 Rh6 33. exf5 exf5 34. Qb8 Kg7 35. Rxf5 Rxh2+ 36. Kxh2 Qh4+ 37. Kg1 g3 38. Rf7+ Kg6 39. Qd6+ 1-0

[Event "POL-chT3 1112"]
[Site "Poland"]
[Date "2012.04.01"]
[Round "10.22"]
[White "Jablonski, Jerzy"]
[Black "Marchel, Agnieszka"]
[Result "0-1"]
[WhiteElo "1802"]
[BlackElo "1987"]
[PlyCount "76"]
[EventDate "2011.11.06"]
[EventType "team-tourn"]
[EventRounds "11"]
[EventCountry "POL"]
[SourceTitle "EXT 2015"]
[Source "ChessBase"]
[SourceDate "2014.11.20"]
[SourceVersion "1"]
[SourceVersionDate "2014.11.20"]
[SourceQuality "1"]
[WhiteTeam "Torun UKS OPP"]
[BlackTeam "Bydgoszcz SSz Pocztowiec"]
[WhiteTeamCountry "POL"]
[BlackTeamCountry "POL"]

1. e4 e5 2. Nf3 Nc6 3. d4 exd4 4. Nxd4 Bc5 5. Be3 Qf6 6. c3 a6 7. f4 d6 8. g3 Nh6 9. Be2 Qe7 10. Nd2 Bxd4 11. cxd4 Nf5 12. Qb3 Ncxd4 13. Bxd4 Nxd4 14. Qa4+ Nc6 15. 0-0 0-0 16. Rfe1 Qf6 17. Rab1 Nd4 18. Bd3 c5 19. e5 dxe5 20. Rxe5 b5 21. Qd1 Bb7 22. Rxc5 Qb6 23. b4 Ne6 24. Qh5 g6 25. Qe5 Nxc5 26. bxc5 Qd8 27. Qc3 Qe7 28. Bf1 Qe6 29. Bg2 Bxg2 30. Kxg2 Qxa2 31. Rb2 Qd5+ 32. Kf2 Rac8 33. Rc2 a5 34. Nf1 b4 35. Qe3 b3 36. Rd2 Qc4 37. Rd4 Qb5 38. Nd2 a4 0-1

[Event "POL-chT3 1112"]
[Site "Poland"]
[Date "2011.11.??"]
[Round "1.23"]
[White "Marchel, Agnieszka"]
[Black "Musial, Marian"]
[Result "1-0"]
[WhiteElo "1987"]
[BlackElo "1694"]
[PlyCount "79"]
[EventDate "2011.11.06"]
[EventType "team-tourn"]
[EventRounds "11"]
[EventCountry "POL"]
[SourceTitle "EXT 2015"]
[Source "ChessBase"]
[SourceDate "2014.11.20"]
[SourceVersion "1"]
[SourceVersionDate "2014.11.20"]
[SourceQuality "1"]
[WhiteTeam "Bydgoszcz SSz Pocztowiec"]
[BlackTeam "Bydgoszcz Wiartrak"]
[WhiteTeamCountry "POL"]
[BlackTeamCountry "POL"]

1. d4 e6 2. f4 d5 3. Nf3 c5 4. e3 a6 5. c3 Nf6 6. Bd3 c4 7. Bc2 Nbd7 8. 0-0 Ne4 9. Bxe4 dxe4 10. Nfd2 b5 11. Nxe4 Bb7 12. Nbd2 f5 13. Ng5 Qe7 14. e4 0-0-0 15. exf5 Nf6 16. Nxe6 Rd5 17. Re1 Rxf5 18. Nc5 Qc7 19. Nxb7 Qxb7 20. Qf3 Bd6 21. g3 h5 22. Qxb7+ Kxb7 23. Ne4 Nxe4 24. Rxe4 Rhf8 25. h4 Kc6 26. Bd2 a5 27. Kg2 Kd5 28. Re2 b4 29. Rc1 Rb8 30. Kf3 Rbf8 31. b3 cxb3 32. c4+ Kc6 33. axb3 g5 34. hxg5 Rxg5 35. d5+ Kb7 36. c5 Rxd5 37. cxd6 Rxd6 38. Re7+ Ka6 39. Be3 Ra8 40. Rc5 1-0